| 000 | 00837nam a2200181 a 4500 | ||
|---|---|---|---|
| 001 | 000038336 | ||
| 005 | 20201002031231.0 | ||
| 008 | 130409s2005 dr r 000 0 spa d | ||
| 040 |
_aDO-SdBNP _bspa _cBNPHU |
||
| 100 | 1 |
_aRodríguez, Manuel A. _964698 |
|
| 245 | 1 | 0 |
_aActos de corrupción en América Latina : _bsoborno y enriquecimiento ilícito / _cManuel A. Rodríguez ; presentación Sevio Tulio Castiño Guzmán. |
| 246 | 1 | 0 | _aSoborno y enriquecimiento ilícito |
| 260 |
_aSanto Domingo : _bFundación Institutionalidad y Justicia (FINJUS), _c2005. |
||
| 300 |
_a108 p. ; _c22 cm. |
||
| 500 | _a"Concurso de tesis y ensayos sobre instrumentos de lucha contra la corrupción y la Convención Interamericana contra la Corrupción." | ||
| 500 | _aIncluye notas al pie de las páginas | ||
| 700 | 1 |
_aCastiño Guzmán, Servio Tulio _964699 |
|
| 999 |
_c37826 _d37826 |
||